Statistiques concernant Livre à l'auteur n°16

Cliquez ici pour prendre le quiz!

Statistiques générales

  • Ce quiz a été pris 98 fois
  • Le résultat moyen est 6 sur 14

Statistiques - réponses

LivreAuteur% Correct
MacbethWilliam Shakespeare
85%
La MétamorphoseFranz Kafka
77%
Le Chien des BaskervilleArthur Conan Doyle
71%
Les Mains salesJean-Paul Sartre
70%
La ChuteAlbert Camus
66%
L'Insoutenable Légèreté de l'êtreMilan Kundera
55%
ÉnéideVirgile
36%
Le Monde selon GarpJohn Irving
30%
Poulet aux prunesMarjane Satrapi
22%
Le TambourGünter Grass
18%
Les Contes de CanterburyGeoffrey Chaucer
17%
Généalogie de la moraleFriedrich Nietzsche
15%
Les Frères Cœur-de-lionAstrid Lindgren
10%
La Crucifixion en roseHenry Miller
8%

Distribution des résultats

Percentile par nombre de réponses

% des personnes avec chaque résultat

Votre développement - résultats

Vous n’avez pas pris ce quiz